[Event "FRA-chT2S 9798"]
[Site "France"]
[Date "1998.??.??"]
[Round "?"]
[White "Rouchouse, Stevens"]
[Black "Aubagnac, Patrice"]
[Result "1/2-1/2"]
[WhiteElo "2170"]
[BlackElo "2230"]
[PlyCount "65"]
[EventDate "1997.??.??"]
[EventType "team"]
[EventRounds "9"]
[EventCountry "FRA"]
[SourceTitle "EXT 2003"]
[Source "ChessBase"]
[SourceDate "2002.11.25"]
[SourceVersion "1"]
[SourceVersionDate "2002.11.25"]
[SourceQuality "1"]

1. e4 Nf6 2. e5 Nd5 3. d4 d6 4. Nf3 Nc6 5. c4 Nb6 6. exd6 exd6 7. h3 Bf5 8. d5 Ne5 9. Nd4 Bxb1 10. Rxb1 Be7 11. Be2 0-0 12. b3 Bf6 13. 0-0 a5 14. a4 Ned7 15. Bb2 Nc5 16. Bg4 Nbd7 17. Bf5 Re8 18. Re1 g6 19. Bc2 Na6 20. Qd2 Rxe1+ 21. Rxe1 Nb4 22. Bd1 Ne5 23. Be2 Bg7 24. Bc3 Qh4 25. Bf1 Bh6 26. Qd1 Re8 27. g3 Qd8 28. f4 Nd7 29. Qd2 Rxe1 30. Qxe1 Bg7 31. Qe3 Nc5 32. Be2 Kf8 33. Bd1 1/2-1/2

[Event "FRA-chT2S"]
[Site "France"]
[Date "1997.??.??"]
[Round "1"]
[White "Sebban, Jean Paul"]
[Black "Aubagnac, Patrice"]
[Result "1/2-1/2"]
[WhiteElo "2150"]
[BlackElo "2230"]
[PlyCount "76"]
[EventDate "1997.??.??"]
[EventType "team"]
[EventRounds "9"]
[EventCountry "FRA"]
[SourceTitle "EXT 2007"]
[Source "ChessBase"]
[SourceDate "2006.11.23"]
[SourceVersion "1"]
[SourceVersionDate "2006.11.23"]
[SourceQuality "1"]
[WhiteTeam "Aix en Provence"]
[BlackTeam "Montpellier"]
[WhiteTeamCountry "FRA"]
[BlackTeamCountry "FRA"]

1. e4 Nf6 2. e5 Nd5 3. d4 d6 4. Nf3 Nc6 5. c4 Nb6 6. e6 fxe6 7. Ng5 e5 8. Bd3 Nxd4 9. Nxh7 Be6 10. Na3 Qd7 11. Bg6+ Bf7 12. Bxf7+ Kxf7 13. Ng5+ Kg8 14. Be3 c5 15. Bxd4 cxd4 16. Qf3 e6 17. 0-0 Rh6 18. Rac1 Be7 19. Ne4 Rc8 20. Qb3 d5 21. cxd5 Rxc1 22. Rxc1 exd5 23. Ng3 Bxa3 24. Qxa3 a6 25. Qd3 Nc4 26. b3 Nd6 27. Rc5 Qe6 28. Rc7 Qg6 29. Qxg6 Rxg6 30. Rc5 Kf7 31. Rxd5 Ke6 32. Rc5 Rf6 33. Kf1 Rf7 34. Ke2 e4 35. f3 d3+ 36. Ke3 exf3 37. gxf3 d2 38. Kxd2 Rxf3 1/2-1/2